01095cam a2200265 a 45000010009000000050017000090080041000260200018000670400035000850820020001202450082001402600063002223000041002855000024003265040031003506500062003816500068004436530020005116550024005317000051005557000037006069420020006439990017006639520149006801845696320150514104227.0150112t2015 flude frbf 001 0 eng d a9781439866856 aOU/DLCbengcOUdDLCdEG-ScBUE04a681.25bHAN22200aHandbook of optical sensors /cedited by José Luis Santos, Faramarz Farahi. aBoca Raton :bCRC Press / Taylor & Francis Group,cc.2015. axviii, 699 :bchart, plans ;c26 cm. aIndex : p. 685-699. aBibliography : p. 679-683. 7aOptical detectorsvHandbooks, manuals, etc.2BUEsh938003 7aOptical fiber detectorsvHandbooks, manuals, etc.2BUEsh938004 bENGGENcMay2015 vreading book9342321 aSantos, José Luis,d1960-eeditor.9380051 aFarahi, Faramarzeeditor.938006 2ddck681.25 HAN c19347d19319 00102ddc40708AlahramaMAINbMAINc0THd2015-05-13epurchaseg1119.00h329l0o681.25 HANp000038197r2025-07-15 00:00:00v1398.75yREFERENCE